[Event "7th Africa-ch"]
[Site "Tripoli LBA"]
[Date "2009.07.28"]
[Round "7"]
[White "Oatlhotse, Providence"]
[Black "Farahat, Ali"]
[Result "1-0"]
[WhiteElo "2164"]
[BlackElo "2397"]
[EventDate "2009.07.21"]
[PlyCount "72"]

1.Nf3 Nf6 2.c4 e6 3.g3 d5 4.d4 c5 5.Bg2 Nc6 6.O-O Be7 7.cxd5 exd5 8.dxc5 
O-O 9.Nc3 Bxc5 10.Bg5 d4 11.Ne4 Be7 12.Bxf6 Bxf6 13.Qd2 Re8 14.Nxf6+ Qxf6 
15.Rfd1 Bg4 16.h3 Bxf3 17.Bxf3 Rad8 18.Bg2 g6 19.Qc2 Qe6 20.Rd2 h5 21.h4 
d3 22.exd3 Nd4 23.Qa4 Qb6 24.Rf1 Re5 25.Qd1 Rde8 26.Be4 R8e7 27.Kh2 f5 28.
f4 fxe4 29.fxe5 e3 30.Rc2 Kg7 31.Qc1 e2 32.Rf6 Qb4 33.Qg5 Nf3+ 34.Rxf3 
e1=Q 35.Rf6 Qg4 36.Rxg6+ Kf7 1-0

[Event "7th Africa-ch"]
[Site "Tripoli LBA"]
[Date "2009.07.28"]
[Round "7"]
[White "Shebsh, Abdullatief Mohamed"]
[Black "De Gondo, Simplice Armel"]
[Result "1-0"]
[WhiteElo "2193"]
[BlackElo "2432"]
[EventDate "2009.07.21"]
[PlyCount "103"]

1.e4 c5 2.Nf3 d6 3.d4 cxd4 4.Nxd4 Nf6 5.Nc3 a6 6.g3 Bg4 7.f3 Bd7 8.Bg2 Nc6
9.Nb3 e6 10.O-O Be7 11.Be3 b5 12.a3 Ne5 13.Bf2 Nc4 14.Rb1 Rc8 15.Ne2 Qc7 
16.c3 e5 17.Re1 Bc6 18.Nd2 O-O 19.Nxc4 bxc4 20.g4 Rfd8 21.Qc1 d5 22.g5 Nd7
23.Ng3 Nc5 24.Bxc5 Bxc5+ 25.Kh1 Qb7 26.Qc2 Qb6 27.Qe2 Be7 28.exd5 Rxd5 29.
Qxc4 Bxg5 30.Qg4 Qd8 31.Ne4 Bf4 32.Nf6+ Qxf6 33.Qxc8+ Rd8 34.Qxa6 Qh4 35.
Kg1 Bxh2+ 36.Kf1 Bd5 37.b3 e4 38.Qe2 f5 39.c4 exf3 40.Bxf3 Qh3+ 41.Bg2 
Bxg2+ 42.Qxg2 Qd3+ 43.Qe2 Qh3+ 44.Qg2 Qd3+ 45.Qe2 Qh3+ 46.Qg2 Qd3+ 47.Kf2 
Qc2+ 48.Kf1 Rd2 49.Qf3 f4 50.Rbd1 Bg3 51.Rxd2 Qxd2 52.Rd1 1-0

[Event "7th Africa-ch"]
[Site "Tripoli LBA"]
[Date "2009.07.28"]
[Round "7"]
[White "Simutowe, Amon"]
[Black "Van den Heever, Donovan"]
[Result "1-0"]
[WhiteElo "2481"]
[BlackElo "2254"]
[EventDate "2009.07.21"]
[PlyCount "107"]

1.c4 e5 2.Nc3 Nf6 3.Nf3 Nc6 4.e3 d6 5.d4 Be7 6.d5 Nb8 7.e4 Nbd7 8.Bd3 O-O 
9.h3 Nh5 10.Bc2 g6 11.Bh6 Re8 12.g3 c5 13.Nd2 a6 14.a4 Bg5 15.Bxg5 Qxg5 
16.h4 Qe7 17.Nf1 f5 18.exf5 e4 19.fxg6 hxg6 20.Ne3 Ndf6 21.Qe2 Bd7 22.a5 
Rf8 23.Ra3 b5 24.axb6 Rfb8 25.Rb3 Rb7 26.Kd2 Rab8 27.Ra1 Rxb6 28.Rxb6 Rxb6
29.Kc1 Qe5 30.Ra3 Ng7 31.g4 Qf4 32.g5 Ng4 33.Nxe4 Nh5 34.Qd2 Nxe3 35.Qxe3 
Qxh4 36.Rb3 Rxb3 37.Bxb3 Bf5 38.Nxd6 Qh1+ 39.Kd2 Ng7 40.Bc2 Qa1 41.Nxf5 
gxf5 42.Qe5 Qf1 43.Qf4 Qa1 44.Qb8+ Kf7 45.f4 Qg1 46.Qc7+ Kg6 47.Qd6+ Kh7 
48.Qe5 Qf2+ 49.Kc3 Qf3+ 50.Bd3 Qh3 51.d6 Qh1 52.Bxf5+ Kg8 53.d7 Qc1+ 54.
Bc2 1-0

[Event "7th Africa-ch"]
[Site "Tripoli LBA"]
[Date "2009.07.28"]
[Round "7"]
[White "Solomons, Deon"]
[Black "Chahrani, Ibrahim"]
[Result "1-0"]
[WhiteElo "2210"]
[BlackElo "2280"]
[EventDate "2009.07.21"]
[PlyCount "167"]

1.c4 f5 2.Nc3 Nf6 3.g3 e6 4.Bg2 d5 5.cxd5 exd5 6.d4 c6 7.Nf3 Bd6 8.O-O O-O
9.Ne5 Bxe5 10.dxe5 Ng4 11.Qd4 Nd7 12.f4 Qb6 13.e3 Nc5 14.h3 Nh6 15.Na4 
Nxa4 16.Qxa4 Be6 17.Kh2 Rfd8 18.Rd1 Qc7 19.Bd2 b6 20.Rac1 c5 21.b4 c4 22.
Bc3 Kh8 23.Rd2 Rd7 24.Bf3 Rad8 25.Rcd1 Qb7 26.b5 Qc8 27.Bd4 Nf7 28.Qb4 Rc7
29.Qc3 Qb7 30.a4 a5 31.Rg2 g6 32.g4 Kg8 33.Rdg1 Kf8 34.Qa3+ Ke8 35.Bb2 Kd7
36.Qc3 Kc8 37.Ba3 Kb8 38.Qd4 Ka7 39.Bb2 Qc8 40.Bc3 Kb7 41.gxf5 gxf5 42.Rg7
Nh6 43.R1g5 Rdd7 44.Rxd7 Rxd7 45.Rg1 Ng8 46.Rc1 Ne7 47.Be1 Rc7 48.Bh4 Ng6 
49.Bxd5+ Bxd5 50.Qxd5+ Ka7 51.Be1 Nf8 52.Bxa5 Rc5 53.Qd6 bxa5 54.b6+ Kb7 
55.Rb1 Qc6 56.Qxf8 Rd5 57.Qg7+ Rd7 58.Qg2 c3 59.Qxc6+ Kxc6 60.Kg3 Rb7 61.
Rb3 Rxb6 62.Rxc3+ Kd5 63.Kf3 Rh6 64.Rd3+ Kc5 65.Kg3 Rg6+ 66.Kf2 Rh6 67.Rb3
Rxh3 68.Rb5+ Kc4 69.Rxa5 Rh2+ 70.Kg3 Rh6 71.Ra7 Kd3 72.Rd7+ Kxe3 73.Rd6 
Rh1 74.Kg2 Rh4 75.e6 Rg4+ 76.Kh3 Rxf4 77.a5 Rf3+ 78.Kh4 Rf4+ 79.Kg5 Rg4+ 
80.Kf6 Re4 81.Kf7 f4 82.e7 f3 83.e8=Q Rxe8 84.Kxe8 1-0

[Event "7th Africa-ch"]
[Site "Tripoli LBA"]
[Date "2009.07.28"]
[Round "7"]
[White "Wageih, Kareim"]
[Black "El-Kamel, Adel Mahmoud"]
[Result "0-1"]
[WhiteElo "2253"]
[BlackElo "2239"]
[EventDate "2009.07.21"]
[PlyCount "116"]

1.d4 Nf6 2.Nf3 e6 3.e3 c5 4.Bd3 d6 5.O-O Be7 6.c4 Nbd7 7.Nc3 b6 8.d5 e5 9.
e4 O-O 10.Ne1 a6 11.a4 Ne8 12.Nc2 Bg5 13.Ne3 g6 14.Bd2 Ndf6 15.g3 Bh3 16.
Ng2 Bxd2 17.Qxd2 Kg7 18.f4 Nd7 19.Rf2 Bxg2 20.Rxg2 Qe7 21.f5 h6 22.g4 g5 
23.h4 Nc7 24.hxg5 hxg5 25.f6+ Qxf6 26.Ne2 Rh8 27.Ng3 Kg8 28.Rf1 Qh6 29.Nf5
Qf6 30.Rh2 Kf8 31.Rxh8+ Qxh8 32.Qxg5 f6 33.Nxd6 Qg7 34.Qh5 Ne8 35.Nf5 Qg8 
36.d6 Ng7 37.Qh6 Kf7 38.g5 Nxf5 39.Rxf5 Qg6 40.Qxg6+ Kxg6 41.gxf6 Rf8 42.
Be2 Rxf6 43.Bg4 Rxd6 44.Rf2 Nf6 45.Bf5+ Kg5 46.Bc8 Kh4 47.Rf5 Kg3 48.Rg5+ 
Kf4 49.Rg2 Nxe4 50.Bxa6 Rd1+ 51.Kh2 Rd2 52.Bb7 Rxg2+ 53.Kxg2 Nd6 54.Bd5 
Ke3 55.b4 cxb4 56.c5 bxc5 57.a5 Nc8 58.Kf1 Kd3 0-1

[Event "7th Africa-ch"]
[Site "Tripoli LBA"]
[Date "2009.07.28"]
[Round "7"]
[White "Zaibi, Amir"]
[Black "Sarwat, Walaa"]
[Result "0-1"]
[WhiteElo "2123"]
[BlackElo "2390"]
[EventDate "2009.07.21"]
[PlyCount "120"]

1.e4 e5 2.Bc4 Nf6 3.d3 Bc5 4.Nc3 a6 5.Be3 Bxe3 6.fxe3 c6 7.Nf3 d5 8.Bb3 
dxe4 9.Nxe5 O-O 10.O-O Qe7 11.d4 Nbd7 12.Ng4 Nxg4 13.Qxg4 Nc5 14.Qg3 Nxb3 
15.axb3 b5 16.Rf4 f5 17.Raf1 Be6 18.h4 c5 19.Ne2 c4 20.d5 Bxd5 21.Rxf5 
Rxf5 22.Rxf5 Be6 23.Re5 cxb3 24.cxb3 Qd7 25.Nd4 Bxb3 26.Nf5 g6 27.Qg5 Rf8 
28.Nh6+ Kh8 29.Rxe4 Qd1+ 30.Kh2 Qd6+ 31.Rf4 Be6 32.Qg3 Rxf4 33.exf4 Qd4 
34.b4 Kg7 35.Ng4 Bxg4 36.Qxg4 Qxb4 37.Qg5 Qd6 38.g3 Qd2+ 39.Kg1 Qe1+ 40.
Kg2 Qe4+ 41.Kg1 Qd4+ 42.Kg2 Kf7 43.Qg4 Qd5+ 44.Kg1 Qc5+ 45.Kg2 Qc6+ 46.Kg1
a5 47.Qe2 a4 48.Qa2+ Qc4 49.Qf2 Ke6 50.Qe3+ Kd7 51.Qa7+ Kc6 52.Qxh7 Qc1+ 
53.Kg2 Qc2+ 54.Kh3 a3 55.h5 a2 56.hxg6 a1=Q 57.Qf7 Qh1+ 58.Kg4 Qhd1+ 59.
Kg5 Qc5+ 60.Kf6 Qdd4+ 0-1

[Event "7th Africa-ch"]
[Site "Tripoli LBA"]
[Date "2009.07.29"]
[Round "8"]
[White "Chahrani, Ibrahim"]
[Black "De Gondo, Simplice Armel"]
[Result "0-1"]
[WhiteElo "2280"]
[BlackElo "2432"]
[EventDate "2009.07.21"]
[PlyCount "120"]

1.e4 c5 2.Nf3 d6 3.d4 cxd4 4.Nxd4 Nf6 5.Nc3 a6 6.g3 Bg4 7.f3 Bd7 8.Be3 e5 
9.Nb3 Bc6 10.Bd3 b5 11.a3 Nbd7 12.g4 Be7 13.Qd2 Rb8 14.g5 Nh5 15.Nd5 O-O 
16.O-O-O Nc5 17.Rhg1 Bxd5 18.exd5 Nxd3+ 19.Qxd3 a5 20.Nd2 Qc7 21.Rg4 a4 
22.Rh4 g6 23.Ne4 f5 24.gxf6 Bxf6 25.Nxf6+ Rxf6 26.Rg1 Ng7 27.Bg5 Rf7 28.
Rb4 Rc8 29.Kb1 Nf5 30.c3 Qb6 31.Rg2 Rc5 32.h4 Qb7 33.Rd2 Rfc7 34.Rg4 Ng7 
35.Bh6 Qc8 36.Bxg7 Rxg7 37.Rdg2 Qb7 38.Rd2 Qf7 39.Ka2 Qf5 40.Qe2 Rf7 41.
Rd3 Rc4 42.Rxc4 bxc4 43.Re3 Rc7 44.Re4 Qf7 45.Qd1 Kg7 46.Qxa4 Qxd5 47.Qa6 
Qc6 48.Qxc6 Rxc6 49.f4 Kf6 50.fxe5+ dxe5 51.b3 cxb3+ 52.Kxb3 Kf5 53.Re1 e4
54.c4 Kf4 55.Kc3 e3 56.Kd4 Rd6+ 57.Kc5 Rd8 58.Kb6 Rb8+ 59.Ka5 Ra8+ 60.Kb4 
Kf3 0-1

[Event "7th Africa-ch"]
[Site "Tripoli LBA"]
[Date "2009.07.29"]
[Round "8"]
[White "El-Kamel, Adel Mahmoud"]
[Black "Abdelnabbi, Imed"]
[Result "1/2-1/2"]
[WhiteElo "2239"]
[BlackElo "2452"]
[EventDate "2009.07.21"]
[PlyCount "101"]

1.d4 Nf6 2.c4 e6 3.Nc3 d5 4.Bg5 Nbd7 5.e3 c6 6.cxd5 exd5 7.Nf3 Be7 8.Bd3 
O-O 9.Qc2 Re8 10.h3 Nf8 11.Bf4 Ng6 12.Bh2 Bd6 13.Bxd6 Qxd6 14.O-O-O Qe7 
15.g4 b6 16.Kb1 Bb7 17.g5 Ne4 18.h4 c5 19.Rdg1 cxd4 20.Nxd4 Ne5 21.Nxe4 
dxe4 22.Be2 Nd3 23.f4 Rec8 24.Qd2 Rc4 25.Rf1 Rac8 26.Rhg1 Bd5 27.Bxd3 exd3
28.Rc1 Qe4 29.Rxc4 Rxc4 30.b3 Rc8 31.Rc1 Re8 32.Nb5 Qg2 33.Qxg2 Bxg2 34.
Nd6 Rf8 35.Rc8 f6 36.Kc1 fxg5 37.fxg5 Rxc8+ 38.Nxc8 Kf7 39.h5 Bf3 40.h6 
gxh6 41.gxh6 Kg6 42.Kd2 Be2 43.Nxa7 Kxh6 44.Nc6 Kg5 45.Nd4 Bf1 46.a4 Kg4 
47.Ne6 h5 48.Nf4 h4 49.b4 Kf5 50.a5 bxa5 51.bxa5 1/2-1/2

[Event "7th Africa-ch"]
[Site "Tripoli LBA"]
[Date "2009.07.29"]
[Round "8"]
[White "Ezat, Mohamed"]
[Black "Ranaivoharisoa, Alain"]
[Result "1-0"]
[WhiteElo "2459"]
[BlackElo "2083"]
[EventDate "2009.07.21"]
[PlyCount "107"]

1.d4 d5 2.c4 c6 3.Nc3 Nf6 4.e3 a6 5.Nf3 Bf5 6.Ne5 h6 7.Qb3 Ra7 8.cxd5 cxd5
9.Bd2 e6 10.Rc1 Nbd7 11.Bb5 Qb8 12.Bxd7+ Nxd7 13.Nxd7 Kxd7 14.Nxd5 b5 15.
Ba5 Rb7 16.Nb4 Bxb4+ 17.Qxb4 Rc8 18.O-O Rc4 19.Qd2 Qc8 20.Rfe1 Rc2 21.Rxc2
Qxc2 22.Qb4 Qa4 23.e4 Bg6 24.f3 Qxb4 25.Bxb4 Rc7 26.Bc5 e5 27.Rd1 Ke8 28.
b4 exd4 29.Rxd4 Rc6 30.a3 f6 31.Kf2 Bf7 32.Rd2 a5 33.Re2 axb4 34.Bxb4 Bb3 
35.Re3 Rc2+ 36.Kg3 Bc4 37.Re1 Kf7 38.h4 h5 39.Rd1 Ke6 40.Rd6+ Kf7 41.Rd7+ 
Kg6 42.Bf8 Bf7 43.f4 Rc3+ 44.Kf2 f5 45.Rd6+ Kh7 46.e5 Rxa3 47.e6 Ra2+ 48.
Ke3 Be8 49.Rd8 Bg6 50.Rd7 Kg8 51.Bxg7 Rxg2 52.Bh6 Be8 53.Rd8 Kh7 54.Rxe8 
1-0

[Event "7th Africa-ch"]
[Site "Tripoli LBA"]
[Date "2009.07.29"]
[Round "8"]
[White "Farahat, Ali"]
[Black "Njili, Kamel"]
[Result "1-0"]
[WhiteElo "2397"]
[BlackElo "2318"]
[EventDate "2009.07.21"]
[PlyCount "54"]

1.d4 b6 2.Nf3 e6 3.g3 Bb7 4.Bg2 f5 5.O-O Nf6 6.c4 Bd6 7.Nc3 O-O 8.d5 e5 9.
Nb5 Na6 10.Nxd6 cxd6 11.Nh4 g6 12.Bg5 Rc8 13.Rc1 Nc5 14.b4 Nce4 15.Bh6 Rf7
16.f3 Nxg3 17.hxg3 Nh5 18.f4 exf4 19.Nf3 fxg3 20.Ng5 Rf8 21.e4 f4 22.Qg4 
Qe7 23.Nh3 Rf7 24.Qg5 Qe5 25.Nxf4 Qxg5 26.Bxg5 Nxf4 27.Bxf4 b5 1-0

[Event "7th Africa-ch"]
[Site "Tripoli LBA"]
[Date "2009.07.29"]
[Round "8"]
[White "Homrana, Mustafa"]
[Black "El-Zayat, Ahmed"]
[Result "0-1"]
[WhiteElo "2114"]
[BlackElo "1969"]
[EventDate "2009.07.21"]
[PlyCount "86"]

1.d4 d5 2.c4 c6 3.Nf3 Nf6 4.e3 Bg4 5.Qb3 Qc7 6.Ne5 Nbd7 7.Nxg4 Nxg4 8.cxd5
cxd5 9.Nc3 e6 10.Bd2 a6 11.h3 Ngf6 12.Bd3 Be7 13.O-O O-O 14.Rac1 Qb6 15.
Qd1 Rfc8 16.f4 Qd8 17.Qf3 Bb4 18.g4 Ne8 19.g5 g6 20.a3 Ba5 21.b4 Bb6 22.
Ne2 Rxc1 23.Bxc1 Nd6 24.h4 Rc8 25.h5 Nf8 26.Qg2 Nf5 27.Bxf5 exf5 28.Bd2 
Qe8 29.hxg6 hxg6 30.Kf2 Rc2 31.Ke1 Qe4 32.Qxe4 dxe4 33.Nc3 Bxd4 34.Kd1 
Rxc3 35.exd4 Rxa3 36.Kc2 Rd3 37.Bc3 Ne6 38.d5 Rxd5 39.Bf6 Ng7 40.Kb3 Nh5 
41.Be5 f6 42.gxf6 Kf7 43.Kc4 Rd7 0-1

[Event "7th Africa-ch"]
[Site "Tripoli LBA"]
[Date "2009.07.29"]
[Round "8"]
[White "Kaabi, Mejdi"]
[Black "Asabri, Hussein"]
[Result "1-0"]
[WhiteElo "2313"]
[BlackElo "2220"]
[EventDate "2009.07.21"]
[PlyCount "61"]

1.d4 Nf6 2.Nf3 g6 3.Bf4 Bg7 4.e3 O-O 5.h3 d6 6.Be2 Nfd7 7.c3 e5 8.Bh2 Nc6 
9.O-O Qe7 10.a4 f6 11.Na3 Kh8 12.b4 a5 13.b5 Nd8 14.Qb3 Nf7 15.Bc4 Nh6 16.
Be6 g5 17.Bxd7 Bxd7 18.dxe5 dxe5 19.Nc4 Nf7 20.Qa3 Qe6 21.Rfd1 Rfd8 22.Qc5
b6 23.Qd5 e4 24.Nfe5 Nxe5 25.Nxe5 Qxd5 26.Rxd5 Be6 27.Rxd8+ Rxd8 28.Nc6 
Rd7 29.Nd4 Bc4 30.Rc1 Rf7 31.g4 1-0

[Event "7th Africa-ch"]
[Site "Tripoli LBA"]
[Date "2009.07.29"]
[Round "8"]
[White "Rizouk, Aimen"]
[Black "Oatlhotse, Providence"]
[Result "1-0"]
[WhiteElo "2506"]
[BlackElo "2164"]
[EventDate "2009.07.21"]
[PlyCount "70"]

1.e4 c5 2.Nf3 d6 3.d4 cxd4 4.Nxd4 Nf6 5.Nc3 g6 6.Be2 Bg7 7.O-O O-O 8.Be3 
Nc6 9.Qd2 Bd7 10.Rfd1 Rc8 11.f3 Ne5 12.a4 Nc4 13.Bxc4 Rxc4 14.b3 Rc8 15.
Nd5 Nxd5 16.exd5 e5 17.dxe6 fxe6 18.c4 Qh4 19.Bf2 Qh5 20.Rac1 a6 21.Ne2 
Be5 22.f4 Bg7 23.Qxd6 Qxe2 24.Qxd7 Qe4 25.Re1 Qxf4 26.Qxe6+ Kh8 27.Bg3 
Qd4+ 28.Kh1 Qb2 29.Rb1 Qf6 30.Qd7 b6 31.Be5 Qxe5 32.Rxe5 Bxe5 33.Qb7 Rb8 
34.Qxa6 Rf5 35.c5 b5 1-0

[Event "7th Africa-ch"]
[Site "Tripoli LBA"]
[Date "2009.07.29"]
[Round "8"]
[White "Simutowe, Amon"]
[Black "Abdel Razik, Khaled"]
[Result "0-1"]
[WhiteElo "2481"]
[BlackElo "2462"]
[EventDate "2009.07.21"]
[PlyCount "128"]

1.d4 d5 2.c4 e6 3.Nc3 Nf6 4.cxd5 exd5 5.Bg5 Bb4 6.e3 h6 7.Bxf6 Qxf6 8.Qb3 
Qd6 9.a3 Bxc3+ 10.bxc3 O-O 11.c4 dxc4 12.Bxc4 c5 13.Nf3 Nc6 14.dxc5 Qxc5 
15.Rc1 Be6 16.Qc3 Bxc4 17.Qxc4 Qxa3 18.O-O Rac8 19.Ra1 Qe7 20.Qb5 Rfd8 21.
h3 Rc7 22.Rfc1 Rcd7 23.Rab1 Qe4 24.Kh2 Qe6 25.Kh1 Qa2 26.Kg1 Qa3 27.Kh2 
Qe7 28.Kg1 Kh8 29.Kh2 Qf6 30.Kg1 Kg8 31.Kh2 Re7 32.Kg1 Rd6 33.Qa4 Red7 34.
Qe4 Qd8 35.Kh2 Re6 36.Qa4 Qe7 37.Kg1 Red6 38.Kh1 Qe6 39.Kg1 Qf5 40.Rb3 Rd5
41.Rbb1 Rc5 42.Re1 Qc2 43.Qf4 Qf5 44.Qa4 Qd5 45.Red1 Qc4 46.Qa1 Rxd1+ 47.
Rxd1 Qc3 48.Qxa7 Qc2 49.Qa1 Ra5 50.Qb1 Qxb1 51.Rxb1 b5 52.Rc1 Ra6 53.Nd2 
Kf8 54.Ne4 b4 55.Nc5 Ra3 56.Ne4 Nd8 57.Kf1 Ra5 58.Ke2 Ra2+ 59.Kd3 Ne6 60.
f4 f5 61.Nd2 Ke7 62.g4 g6 63.gxf5 gxf5 64.h4 Ra4 0-1

[Event "7th Africa-ch"]
[Site "Tripoli LBA"]
[Date "2009.07.29"]
[Round "8"]
[White "Solomon, Kenny"]
[Black "El-Gindy, Essam"]
[Result "0-1"]
[WhiteElo "2351"]
[BlackElo "2501"]
[EventDate "2009.07.21"]
[PlyCount "144"]

1.d4 Nf6 2.c4 a6 3.g3 c5 4.d5 b5 5.Bg2 d6 6.Nf3 g6 7.O-O Bg7 8.a4 b4 9.
Nbd2 O-O 10.Ra2 Ra7 11.b3 e5 12.e4 Nh5 13.Ne1 Bh6 14.Nd3 f5 15.exf5 Bxf5 
16.Ne4 Bxc1 17.Qxc1 Nd7 18.f3 Ndf6 19.Raf2 Bxe4 20.fxe4 Qc8 21.Rf3 Raf7 
22.Nf2 Ng7 23.Bh3 Qe8 24.Bg2 Qd7 25.Qg5 a5 26.Qh4 Nfh5 27.Ng4 Rxf3 28.Rxf3
Rxf3 29.Bxf3 Kf8 30.Qg5 Qe7 31.Qh6 Kg8 32.Qe3 Nf6 33.Nf2 Nd7 34.Bg4 Nf6 
35.Bh3 Kh8 36.Bg2 Ng8 37.Ng4 h5 38.Nf2 g5 39.Nh3 g4 40.Nf2 Qf6 41.Bf1 Nh6 
42.Be2 Nf7 43.h4 gxh3 44.Nxh3 Kg8 45.Kg2 Kf8 46.Bd3 Ke7 47.Be2 Qg6 48.Kf2 
Ne8 49.Bf3 Nf6 50.Qe1 Ng5 51.Nxg5 Qxg5 52.Qe3 Qxe3+ 53.Kxe3 Kf7 54.Kf2 Kg6
55.Kg2 Nh7 56.Bd1 Kh6 57.Be2 Nf8 58.Kf3 Kg5 59.Bd1 Nh7 60.Be2 Nf6 61.Bd3 
h4 62.gxh4+ Kxh4 63.Bf1 Nh7 64.Be2 Ng5+ 65.Ke3 Kg3 66.Bh5 Nh3 67.Bg6 Nf2 
68.Bh7 Ng4+ 69.Ke2 Kf4 70.Bf5 Ne3 71.Bg6 Nc2 72.Kd3 Nd4 0-1

[Event "7th Africa-ch"]
[Site "Tripoli LBA"]
[Date "2009.07.29"]
[Round "8"]
[White "Van den Heever, Donovan"]
[Black "Zaibi, Amir"]
[Result "1/2-1/2"]
[WhiteElo "2254"]
[BlackElo "2123"]
[EventDate "2009.07.21"]
[PlyCount "94"]

1.e4 c5 2.Nf3 e6 3.d4 cxd4 4.Nxd4 a6 5.Nc3 b5 6.Be2 Bb7 7.Bf3 Qc7 8.O-O 
Nc6 9.Re1 Ne5 10.Bf4 d6 11.a4 bxa4 12.Bh5 Ng6 13.Be3 Nf6 14.Be2 Nxe4 15.
Nxe4 Bxe4 16.Rxa4 Bb7 17.Qa1 Be7 18.Bxa6 O-O 19.Bxb7 Qxb7 20.b4 Nh4 21.f3 
Bf6 22.Qa2 e5 23.Nb5 Rxa4 24.Qxa4 Nf5 25.Ba7 Ra8 26.c4 g6 27.Re2 Kg7 28.
Ra2 e4 29.Qa6 Qe7 30.Re2 Rxa7 31.Nxa7 Bd4+ 32.Kf1 Bxa7 33.Rxe4 Qc7 34.Qa1+
f6 35.g4 Ne3+ 36.Ke2 Nxc4 37.f4 d5 38.Re6 Qf7 39.Qa6 Bb8 40.Qc6 Qa7 41.
Qxd5 Qa2+ 42.Kd3 Ne5+ 43.Rxe5 Qb1+ 44.Ke2 fxe5 45.Qd7+ Kf8 46.Qd8+ Kf7 47.
Qd7+ Kf8 1/2-1/2

[Event "7th Africa-ch"]
[Site "Tripoli LBA"]
[Date "2009.07.30"]
[Round "9"]
[White "Abdel Razik, Khaled"]
[Black "El-Kamel, Adel Mahmoud"]
[Result "1/2-1/2"]
[WhiteElo "2462"]
[BlackElo "2239"]
[EventDate "2009.07.21"]
[PlyCount "29"]

1.d4 Nf6 2.c4 e6 3.Nc3 d5 4.cxd5 exd5 5.Bg5 Be7 6.Qc2 O-O 7.e3 c6 8.Bd3 
Nbd7 9.Nf3 Re8 10.O-O Nf8 11.Bf4 Bd6 12.Bg5 Be7 13.Bf4 Bd6 14.Bg5 Be7 15.
Bf4 1/2-1/2

[Event "7th Africa-ch"]
[Site "Tripoli LBA"]
[Date "2009.07.30"]
[Round "9"]
[White "Abdelnabbi, Imed"]
[Black "Solomon, Kenny"]
[Result "1/2-1/2"]
[WhiteElo "2452"]
[BlackElo "2351"]
[EventDate "2009.07.21"]
[PlyCount "106"]

1.e4 c5 2.Nf3 e6 3.d4 cxd4 4.Nxd4 a6 5.Nc3 Qc7 6.g3 Nf6 7.Bg2 Be7 8.O-O 
O-O 9.Re1 d6 10.a4 Nc6 11.Be3 Ne5 12.h3 Re8 13.Qe2 Rb8 14.Rad1 Bd7 15.g4 
h6 16.Bc1 Nh7 17.Kh1 Ng6 18.f4 Bf6 19.Qd3 Rbd8 20.Rf1 Bc8 21.Qg3 Bh4 22.
Qh2 Bf6 23.Qg3 Bh4 24.Qh2 b6 25.Rd3 Bb7 26.Rfd1 Bf6 27.Qg3 Bh4 28.Qh2 Bf6 
29.Qg3 Qe7 30.Nde2 Nh4 31.Kh2 g5 32.Kg1 Nxg2 33.Qxg2 Nf8 34.Qf2 Ng6 35.
Qxb6 gxf4 36.Nxf4 Ne5 37.Nh5 Nxd3 38.cxd3 Bg7 39.Qe3 f5 40.Nxg7 Qxg7 41.
Qxh6 fxg4 42.Qxg7+ Kxg7 43.hxg4 Rf8 44.Ne2 Bc6 45.Bd2 e5 46.Ng3 Bxa4 47.
Rc1 Kg6 48.Nf5 Rf7 49.Bb4 Rdd7 50.Kg2 Bb5 51.Rh1 Rh7 52.Rxh7 Rxh7 53.Bxd6 
Bxd3 1/2-1/2

[Event "7th Africa-ch"]
[Site "Tripoli LBA"]
[Date "2009.07.30"]
[Round "9"]
[White "Adly, Ahmed"]
[Black "Haddouche, Mohamed"]
[Result "1/2-1/2"]
[WhiteElo "2548"]
[BlackElo "2329"]
[EventDate "2009.07.21"]
[PlyCount "101"]

1.d4 Nf6 2.Nf3 g6 3.c4 Bg7 4.g3 O-O 5.Bg2 d6 6.O-O Nbd7 7.Nc3 e5 8.Rb1 Re8
9.e4 c6 10.h3 a5 11.Re1 exd4 12.Nxd4 Nc5 13.Bg5 Qb6 14.Nb3 a4 15.Nxc5 Qxc5
16.Bf4 Qxc4 17.Bxd6 Rd8 18.e5 Ne8 19.Bf1 Qe6 20.Nxa4 b5 21.Nc5 Qxa2 22.Qf3
Nxd6 23.exd6 Qd5 24.Qxd5 cxd5 25.Bxb5 Ra5 26.d7 Bxd7 27.Nb7 Rxb5 28.Nxd8 
Rb8 29.Rbd1 d4 30.Nxf7 Kxf7 31.Rc1 Rb7 32.h4 Ba4 33.Re2 d3 34.Rd2 Bc2 35.
Rcxc2 dxc2 36.Rxc2 Rxb2 37.Rc7+ Kf6 38.g4 Bf8 39.g5+ Ke6 40.Rxh7 Bc5 41.h5
gxh5 42.Rxh5 Rxf2 43.Rh2 Rf4+ 44.Kg2 Kf5 45.Rh1 Kg4 46.Rf1 Rc4 47.Rf7 Rc2+
48.Kf1 Kxg5 49.Ke1 Be3 50.Rf3 Bf4 51.Rb3 1/2-1/2

[Event "7th Africa-ch"]
[Site "Tripoli LBA"]
[Date "2009.07.30"]
[Round "9"]
[White "El-Zayat, Ahmed"]
[Black "Chahrani, Ibrahim"]
[Result "0-1"]
[WhiteElo "1969"]
[BlackElo "2280"]
[EventDate "2009.07.21"]
[PlyCount "20"]

1.Nf3 f5 2.g3 Nf6 3.Bg2 g6 4.O-O Bg7 5.d4 O-O 6.c4 d6 7.Nc3 Nc6 8.Re1 e5 
9.dxe5 dxe5 10.Bg5 e4 0-1

[Event "7th Africa-ch"]
[Site "Tripoli LBA"]
[Date "2009.07.30"]
[Round "9"]
[White "Arab, Adlane"]
[Black "Farahat, Ali"]
[Result "1/2-1/2"]
[WhiteElo "2432"]
[BlackElo "2397"]
[EventDate "2009.07.21"]
[PlyCount "106"]

1.d4 d5 2.c4 c6 3.Nf3 Nf6 4.e3 Bf5 5.Nc3 e6 6.Nh4 Bg6 7.Qb3 Qc7 8.Nxg6 
hxg6 9.g3 Nbd7 10.Bg2 Be7 11.O-O Rd8 12.Rd1 Nb6 13.cxd5 exd5 14.Bd2 g5 15.
Qc2 Qd7 16.e4 Nxe4 17.Nxe4 dxe4 18.Qxe4 O-O 19.Qc2 Nd5 20.Be4 g6 21.Re1 
Bf6 22.Rad1 Rfe8 23.Qa4 a6 24.Qb3 Kg7 25.Bg2 g4 26.Rxe8 Rxe8 27.Qd3 Qd8 
28.Re1 Rxe1+ 29.Bxe1 Qb6 30.Bxd5 cxd5 31.Bc3 Qe6 32.Kg2 Bg5 33.f3 gxf3+ 
34.Qxf3 f5 35.Kf2 Qe4 36.Qxe4 fxe4 37.Ke2 Kf7 38.Bd2 Bf6 39.Be3 Ke6 40.h3 
Bd8 41.Kf2 b5 42.Kg2 Ba5 43.h4 Bd8 44.Kh3 Kf5 45.g4+ Ke6 46.Bf4 Be7 47.Be3
Bd8 48.Kg3 Bc7+ 49.Kg2 Ba5 50.Bf2 Bd2 51.Bg3 Bh6 52.Kf2 Bf8 53.Ke3 Bd6 
1/2-1/2

[Event "7th Africa-ch"]
[Site "Tripoli LBA"]
[Date "2009.07.30"]
[Round "9"]
[White "Asabri, Hussein"]
[Black "Obiamiwe, Paul"]
[Result "1-0"]
[WhiteElo "2220"]
[BlackElo "2043"]
[EventDate "2009.07.21"]
[PlyCount "99"]

1.d4 Nf6 2.Nf3 g6 3.g3 Bg7 4.Bg2 O-O 5.c4 d6 6.Nc3 Nc6 7.O-O a6 8.h3 Bd7 
9.e4 e5 10.d5 Na5 11.c5 dxc5 12.Nxe5 Nxe4 13.Nxe4 Bxe5 14.Nxc5 Bg7 15.Re1 
Rb8 16.Qc2 Bd4 17.Bd2 b6 18.Nxa6 Rc8 19.Bh6 Re8 20.Rxe8+ Bxe8 21.Qd1 Qf6 
22.b4 Nb7 23.Bf4 Bd7 24.h4 Nd6 25.a4 Be5 26.Bxe5 Qxe5 27.b5 Nb7 28.Qd2 Nd6
29.Re1 Qf6 30.Rc1 Ne8 31.Qc3 Qxc3 32.Rxc3 Kf8 33.Re3 Nd6 34.Rc3 Ne8 35.Kh2
Ke7 36.Bh3 f5 37.Bg2 Kd6 38.f4 Nf6 39.Bf3 Ne4 40.Kg2 Nf6 41.Re3 Re8 42.Re5
Bc8 43.Kf2 Bb7 44.Ke3 Bxd5 45.Bxd5 Nxd5+ 46.Kd4 Rxe5 47.fxe5+ Ke6 48.a5 f4
49.gxf4 Nxf4 50.Nxc7+ 1-0

[Event "7th Africa-ch"]
[Site "Tripoli LBA"]
[Date "2009.07.30"]
[Round "9"]
[White "Belkhodja, Slim"]
[Black "Ezat, Mohamed"]
[Result "0-1"]
[WhiteElo "2467"]
[BlackElo "2459"]
[EventDate "2009.07.21"]
[PlyCount "85"]

1.d3 c6 2.f4 d5 3.Nf3 Bg4 4.Nbd2 e6 5.e4 dxe4 6.dxe4 Nf6 7.h3 Bxf3 8.Qxf3 
Nbd7 9.g4 h6 10.Bg2 Qc7 11.Nb3 Nc5 12.e5 Nd5 13.Qe2 O-O-O 14.Bd2 Be7 15.
O-O g5 16.fxg5 hxg5 17.Kh1 Nf4 18.Bxf4 gxf4 19.Nxc5 Bxc5 20.Rxf4 Bd4 21.
Raf1 Rd7 22.Qf3 Rf8 23.Qa3 Rh8 24.Qf3 Rh7 25.Qe4 Bxe5 26.R4f3 Rg7 27.c3 a6
28.a4 Rg8 29.b4 f6 30.c4 Rd4 31.Qe2 Qh7 32.Rxf6 Bxf6 33.Qxe6+ Kb8 34.Rxf6 
Rdxg4 35.Rf7 Qb1+ 36.Rf1 Qh7 37.Rf2 R4g6 38.Qe3 Qg7 39.Qd2 Rg3 40.b5 Qa1+ 
41.Rf1 Qa3 42.Qf4+ Ka8 43.bxa6 0-1

[Event "7th Africa-ch"]
[Site "Tripoli LBA"]
[Date "2009.07.30"]
[Round "9"]
[White "De Gondo, Simplice Armel"]
[Black "Homrana, Mustafa"]
[Result "1-0"]
[WhiteElo "2432"]
[BlackElo "2114"]
[EventDate "2009.07.21"]
[PlyCount "65"]

1.e4 c5 2.Nf3 g6 3.d4 Bg7 4.dxc5 Nf6 5.e5 Ng4 6.Qd4 h5 7.Bb5 O-O 8.h3 Nh6 
9.Bxh6 Bxh6 10.Nbd2 Qa5 11.a4 Nc6 12.Bxc6 dxc6 13.b4 Qc7 14.O-O Rd8 15.Qc3
Rd5 16.Nc4 Be6 17.Ne3 Rd7 18.Rfd1 Rad8 19.Rd3 Rxd3 20.cxd3 Qd7 21.d4 g5 
22.Rd1 Bxh3 23.gxh3 Qxh3 24.Nh2 g4 25.Rd3 Bf4 26.Nexg4 Qh4 27.Nf3 Qxg4+ 
28.Kf1 h4 29.Ke2 h3 30.Rd1 h2 31.Rh1 Qg2 32.Qa1 Qg4 33.Qc3 1-0

[Event "7th Africa-ch"]
[Site "Tripoli LBA"]
[Date "2009.07.30"]
[Round "9"]
[White "El-Gindy, Essam"]
[Black "Simutowe, Amon"]
[Result "1/2-1/2"]
[WhiteElo "2501"]
[BlackElo "2481"]
[EventDate "2009.07.21"]
[PlyCount "45"]

1.d4 Nf6 2.Nf3 g6 3.g3 Bg7 4.Bg2 O-O 5.O-O d6 6.c4 Nc6 7.Nc3 a6 8.h3 Re8 
9.e4 Nd7 10.Bg5 h6 11.Be3 b5 12.cxb5 axb5 13.Rc1 b4 14.Nd5 Bb7 15.Qd2 e6 
16.Nxc7 Qxc7 17.d5 Nc5 18.dxc6 Bxc6 19.Bxc5 dxc5 20.Rfd1 Red8 21.Qf4 Qb6 
22.b3 g5 23.Qe3 1/2-1/2